000 01023nam a22002777a 4500
001 6395
003 FISKH
005 20250428142631.0
008 250428b cb ||||| |||| 00| 0 eng d
020 _a9780545508308
040 _aFISKH
_beng
_cFISKH
_dFISKH
050 _aJK517.C36
082 _a352.230973
100 _aCanetti, Yanitzia
245 _aI can be president too!
_cby Yanitzia Canetti
250 _aFirst Scholastic printing, 2012
260 _aNew York :
_bScholastic,
_c2009.
300 _a30 unnumbered pages :
_bcolor illustrations ;
_c21 x​ 27 cm
505 _aG
520 _aLos 14 nin?os de este libro ilustrado poseen los mejores valores para ser candidatos de la presidencia. The 14 children in this illustrated book have the kind of values and behavior that could lead them to be candidates for the presidency.
521 8 _a390
_bLexile
521 8 _aG
_bRaz-Plus
650 _aCommunity Helpers
_vBecoming President
_xElection
942 _2ddc
_cBK
_n0
999 _c6395
_d6395